Random Eurasian Capital to Country - Statistics

General Stats
  • This quiz has been taken 51 times
  • The average score is 14 of 15
Answer Stats
Capital City Country % Correct
Andorra la Vella Andorra
100%
Vienna Austria
100%
Brussels Belgium
100%
Sarajevo Bosnia and Herzegovina
100%
Bandar Seri Begawan Brunei
100%
Sofia Bulgaria
100%
Beijing China
100%
Prague Czech Republic
100%
Dili East Timor
100%
Tallinn Estonia
100%
Helsinki Finland
100%
Paris France
100%
Tbilisi Georgia
100%
Berlin Germany
100%
Budapest Hungary
100%
Jakarta Indonesia
100%
Tehran Iran
100%
Dublin Ireland
100%
Jerusalem Israel
100%
Rome Italy
100%
Riga Latvia
100%
Vaduz Liechtenstein
100%
Vilnius Lithuania
100%
Luxembourg Luxembourg
100%
Kuala Lumpur Malaysia
100%
Ulaanbaatar Mongolia
100%
Amsterdam Netherlands
100%
Pyongyang North Korea
100%
Skopje North Macedonia
100%
Manila Philippines
100%
Lisbon Portugal
100%
Moscow Russia
100%
Belgrade Serbia
100%
Ljubljana Slovenia
100%
Seoul South Korea
100%
Madrid Spain
100%
Bern Switzerland
100%
Damascus Syria
100%
Ashgabat Turkmenistan
100%
Kiev Ukraine
100%
Abu Dhabi United Arab Emirates
100%
London United Kingdom
100%
Tashkent Uzbekistan
100%
Hanoi Vietnam
100%
Sana'a Yemen
100%
Naypyidaw Myanmar
50%
Kabul Afghanistan
0%
Yerevan Armenia
0%
Baku Azerbaijan
0%
Manama Bahrain
0%
Dhaka Bangladesh
0%
Minsk Belarus
0%
Thimphu Bhutan
0%
Phnom Penh Cambodia
0%
Zagreb Croatia
0%
Nicosia Cyprus
0%
Copenhagen Denmark
0%
Athens Greece
0%
Reykjavík Iceland
0%
New Delhi India
0%
Baghdad Iraq
0%
Tokyo Japan
0%
Amman Jordan
0%
Nur-Sultan Kazakhstan
0%
Pristina Kosovo
0%
Kuwait City Kuwait
0%
Bishkek Kyrgyzstan
0%
Vientiane Laos
0%
Beirut Lebanon
0%
Malé Maldives
0%
Valletta Malta
0%
Chișinău Moldova
0%
Monaco Monaco
0%
Podgorica Montenegro
0%
Kathmandu Nepal
0%
Oslo Norway
0%
Muscat Oman
0%
Islamabad Pakistan
0%
Port Moresby Papua New Guinea
0%
Warsaw Poland
0%
Doha Qatar
0%
Bucharest Romania
0%
San Marino San Marino
0%
Riyadh Saudi Arabia
0%
Singapore Singapore
0%
Bratislava Slovakia
0%
Sri Jayawardenepura Kotte Sri Lanka
0%
Stockholm Sweden
0%
Taipei Taiwan
0%
Dushanbe Tajikistan
0%
Bangkok Thailand
0%
Ankara Turkey
0%
Vatican City Vatican City
0%
No matching quizzes found
Score Distribution
Percent of People with Each Score
Percentile by Number Answered
Your Score History
You have not taken this quiz